书目信息 |
| 题名: |
混凝土结构与砌体结构
|
|
| 作者: | 刘孟良 , 刘志范 , 周晖 主编 | |
| 分册: | ||
| 出版信息: | 长沙 中南大学出版社 2013 |
|
| 页数: | 349页 | |
| 开本: | 26cm | |
| 丛书名: | ||
| 单 册: | ||
| 中图分类: | TU36 , TU37 | |
| 科图分类: | ||
| 主题词: | 砌体结构--高等职业教育--教材 , 混凝土结构 , 混凝土结构--高等职业教育--教材 , 砌体结构 | |
| 电子资源: | ||
| ISBN: | 978-7-5487-0798-1 | |
| 000 | 01289nam0 2200313 450 | |
| 001 | 142462 | |
| 005 | 20141221134631.93 | |
| 010 | @a978-7-5487-0798-1@dCNY 48.00 | |
| 100 | @a20130906d2013 em y0chiy50 ea | |
| 101 | 0 | @achi |
| 102 | @aCN@b430000 | |
| 105 | @aa z 000yy | |
| 200 | 1 | @a混凝土结构与砌体结构@9hun ning tu jie gou yu qi ti jie gou@b专著@f刘孟良,周晖,刘志范主编 |
| 210 | @a长沙@c中南大学出版社@d2013 | |
| 215 | @a349页@c图@d26cm | |
| 300 | @a“十一五”规划国家社会科学基金项目:高职建设类课程项目化、模块化改革研究研究成果(课题批准号:BJA090060) | |
| 300 | @a高职高专建筑工程类专业“十二五”规划教材 | |
| 330 | @a本书内容包括:钢筋混凝土结构认知,框架结构计算简图及荷载计算,框架结构的内力与侧移计算,梁的设计,柱的设计,框架结构内力组合及配筋,框架结构施工图的绘制,钢筋混凝土剪力墙结构,单向板肋梁楼盖设计,砌体结构认知,砌体构建承载力计算,墙、柱高厚比验算等16个学习情境。 | |
| 606 | 0 | @a砌体结构@x高等职业教育@j教材 |
| 606 | 0 | @a混凝土结构 |
| 606 | 0 | @a混凝土结构@x高等职业教育@j教材 |
| 606 | 0 | @a砌体结构 |
| 690 | @aTU36@v5 | |
| 690 | @aTU37@v5 | |
| 701 | 0 | @a刘孟良@9liu meng liang@c(城建)@4主编 |
| 701 | 0 | @a刘志范@9liu zhi fan@f(1963 )@4主编 |
| 701 | 0 | @a周晖@9zhou hui@c(建筑)@4主编 |
| 801 | 0 | @c20141221 |
| 905 | @a241430@dTU37@eL650 | |
| 混凝土结构与砌体结构/刘孟良,周晖,刘志范主编.-长沙:中南大学出版社,2013 |
| 349页:图;26cm |
| “十一五”规划国家社会科学基金项目:高职建设类课程项目化、模块化改革研究研究成果(课题批准号:BJA090060).-高职高专建筑工程类专业“十二五”规划教材 |
| ISBN 978-7-5487-0798-1:CNY 48.00 |
| 本书内容包括:钢筋混凝土结构认知,框架结构计算简图及荷载计算,框架结构的内力与侧移计算,梁的设计,柱的设计,框架结构内力组合及配筋,框架结构施工图的绘制,钢筋混凝土剪力墙结构,单向板肋梁楼盖设计,砌体结构认知,砌体构建承载力计算,墙、柱高厚比验算等16个学习情境。 |
| ● |
| 相关链接 |
|
|
|
正题名:混凝土结构与砌体结构
索取号:TU37/L650
 
预约/预借
| 序号 | 登录号 | 条形码 | 馆藏地/架位号 | 状态 | 备注 |
| 1 | 1134997 | 211349977 | 建筑库101/101建筑库 85排2列2层/ [索取号:TU37/L650] | 在馆 | |
| 2 | 1134998 | 211349986 | 建筑库101/101建筑库 85排2列2层/ [索取号:TU37/L650] | 在馆 | |
| 3 | 1134999 | 211349995 | 建筑库101/101建筑库 85排2列2层/ [索取号:TU37/L650] | 在馆 |